The legal risk management book: an international guide to protect your business from legal loss
Đã lưu trong:
| Những tác giả chính: | , |
|---|---|
| Định dạng: | Sách |
| Ngôn ngữ: | Tiếng Anh |
| Được phát hành: |
Londres
Kogan Page Limited
2017
|
| Phiên bản: | 1a. ed |
| Những chủ đề: | |
| Các nhãn: |
Thêm thẻ
Không có thẻ, Là người đầu tiên thẻ bản ghi này!
|
MARC
| LEADER | 00000cam a2200000 a 4500 | ||
|---|---|---|---|
| 001 | UCC3743 | ||
| 003 | CL-VaPUC | ||
| 008 | 180615e20170000uk |||||||||||||||||eng|d | ||
| 020 | |a 9780749477974 | ||
| 082 | 0 | 4 | |a 346.06 |b WHA |2 21 |
| 100 | 0 | |a Whalley, Matthew |e author |9 597849 | |
| 700 | 0 | |a Guzelian, Chris |e author |9 597850 | |
| 245 | 1 | 4 | |a The legal risk management book: an international guide to protect your business from legal loss |
| 250 | |a 1a. ed | ||
| 300 | |a 217 p | ||
| 942 | |c BK | ||
| 945 | |d 20180615 12:36:00 |a dcastane | ||
| 260 | |a Londres |b Kogan Page Limited |c 2017 | ||
| 650 | 7 | |a CONFIABILIDAD |2 CL-VaPUC |9 373011 | |
| 650 | 0 | |a Responsabilidad penal |9 254899 | |
| 650 | 0 | |a Responsabilidad social empresarial |9 525230 | |
| 583 | |a last modification |c 20180615 12:36:00 |k Rodrigo Vera | ||
| 999 | |c 371427 |d 371425 | ||
| 952 | |0 0 |1 0 |3 erb |4 0 |6 346_060000000000000_WHA_2017 |7 0 |8 A |9 488423 |a BIBDER |b BIBDER |i 5474701 |o 346.06 WHA 2017 |p 5474701 |r 2023-01-25 |w 2019-11-24 |y BK |z Catalogado en:20180615 |k DER | ||